All Princes of Wales - Statistics

General Stats
  • This quiz has been taken 16 times
  • The average score is 21 of 23
Answer Stats
Hint Answer % Correct
1616-1625 Charles I
100%
1638-1649 Charles II
100%
1958-2022 Charles III
100%
1301-1307 Edward II
100%
1483-1484* Edward of Middleham
100%
1454-1471* Edward of Westminster
100%
1343-1376* Edward of Woodstock
100%
1471-1483 Edward V
100%
1537-1547 Edward VI
100%
1841-1901 Edward VII
100%
1910-1936 Edward VIII
100%
1610-1612* Henry Frederick
100%
1399-1413 Henry V
100%
1502-1509 Henry VIII
100%
2022- William
100%
1714-1727 George II
93%
1751-1760 George III
93%
1762-1820 George IV
93%
1901-1910 George V
93%
1376-1377 Richard II
79%
1489-1502* Arthur
71%
1688-1688 James Francis Edward Stuart
71%
1728-1751* Frederick
36%
No matching quizzes found
Score Distribution
Percent of People with Each Score
Percentile by Number Answered
Your Score History
You have not taken this quiz